Outsourcingová atraktivita

Podstata outsourcingu. Okruh využitia outsourcingu. Využitie outsourcingu v bankovníctve.

Gespeichert in:
Bibliographische Detailangaben
1. Verfasser: Sotník, Alexander
Format: Buchkapitel
Sprache:Slowakisch
Schlagworte:
Tags: Tag hinzufügen
Keine Tags, Fügen Sie das erste Tag hinzu!

MARC

LEADER 00000naa$a2200000$$$4500
001 0003221
005 20230920090627.8
041 0 |a slo 
044 |a SK 
245 1 0 |a Outsourcingová atraktivita  |c aut. Alexander Sotník 
520 |a Podstata outsourcingu. Okruh využitia outsourcingu. Využitie outsourcingu v bankovníctve. 
610 2 0 |a outsourcing 
610 2 0 |a bankovníctvo 
610 2 0 |a USA 
610 2 0 |a manažment 
610 2 0 |a efektívnosť ekonomická 
610 2 0 |a zdroje ľudské 
100 1 |a Sotník, Alexander